[Event "2. BUNDESLIGA MITTE 2014/2015"]
[Site "Fuerstenfeld"]
[Date "2015.04.17"]
[Round "9"]
[Board "4"]
[White "Wanderer, Thomas"]
[Black "Testor, Sebastian"]
[Result "1/2-1/2"]
[WhiteElo "2164"]
[BlackElo "2286"]
[PlyCount "61"]
[EventDate "2014.10.03"]
[EventType "team"]
[EventRounds "11"]
[EventCountry "AUT"]
[WhiteTeam "RbEJ Gleisdorf"]
[BlackTeam "Spg. Sauwald"]

1. e4 e6 2. d3 d5 3. Nd2 Nf6 4. Ngf3 c5 5. g3 g6 6. Bg2 Bg7 7. O-O Nc6 8. exd5
Nxd5 9. c3 O-O 10. Nb3 b6 11. d4 cxd4 12. Nfxd4 Nxd4 13. Nxd4 Ba6 14. Re1 Qd7
15. a4 Bb7 16. a5 Qc8 17. Qa4 bxa5 18. Qxa5 Nb6 19. Bxb7 Qxb7 20. Qb5 a6 21.
Qc6 Rfb8 22. Qxb7 Rxb7 23. Rd1 Rd7 24. Be3 Nd5 25. Kf1 Rb7 26. Ra2 a5 27. Rda1
Nxe3+ 28. fxe3 Bxd4 29. exd4 Rab8 30. Rxa5 Rxb2 31. R5a2 1/2-1/2

[Event "2. BUNDESLIGA MITTE 2014/2015"]
[Site "Fuerstenfeld"]
[Date "2015.04.17"]
[Round "9"]
[Board "5"]
[White "Hellmayr, Alois"]
[Black "Sonnberger, Thomas"]
[Result "1/2-1/2"]
[WhiteElo "2237"]
[BlackElo "2162"]
[PlyCount "158"]
[EventDate "2014.10.03"]
[EventType "team"]
[EventRounds "11"]
[EventCountry "AUT"]
[WhiteTeam "Spg. Sauwald"]
[BlackTeam "RbEJ Gleisdorf"]

1. d4 c5 2. d5 e6 3. Nc3 a6 4. a4 d6 5. e4 e5 6. Bd3 g6 7. f4 Bg7 8. Nf3 Bg4 9.
O-O Nd7 10. f5 Ngf6 11. h3 h5 12. fxg6 fxg6 13. a5 Qe7 14. Qe2 Bxf3 15. Rxf3
Nh7 16. Bd2 Rf8 17. Raf1 Rxf3 18. Rxf3 Bf6 19. Rg3 Kf7 20. Nd1 Bh4 21. Rf3+ Kg7
22. Ne3 Rf8 23. Nc4 Rxf3 24. Qxf3 Ng5 25. Qe3 Nf7 26. g3 Bg5 27. Qf2 Bxd2 28.
Nxd2 Qf6 29. Qxf6+ Kxf6 30. Be2 Ke7 31. Kf2 Nf6 32. h4 g5 33. hxg5 Nxg5 34. Ke3
Kf7 35. Bf3 Ke7 36. Nc4 Kd7 37. Nb6+ Kc7 38. c3 Ngh7 39. Nc4 Ng5 40. Nb6 Ngh7
41. Nc4 Ng5 42. Nd2 Kd7 43. Be2 Kc7 44. Bd1 Kd8 45. Bc2 Ng4+ 46. Ke2 Nf6 47.
Bd3 Kc7 48. Ke3 Ng4+ 49. Ke2 Nf6 50. Bc2 Kd8 51. Kd3 Kc7 52. Kc4 Ng4 53. Kd3
Nf6 54. Bd1 Kd8 55. Ke3 Ke7 56. Bf3 Kd8 57. b3 Kc7 58. Nc4 Kd7 59. Na3 Kc7 60.
Nc2 Kd8 61. Ne1 Kc7 62. Ng2 b6 63. b4 cxb4 64. cxb4 bxa5 65. bxa5 Nxf3 66. Kxf3
Nd7 67. Ne3 Nc5 68. Nc4 Kd7 69. Nd2 Ke7 70. g4 hxg4+ 71. Kxg4 Kf6 72. Kf3 Kg5
73. Nc4 Nb7 74. Kg3 Kh5 75. Kf3 Kh4 76. Ne3 Kg5 77. Nc4 Kh4 78. Ne3 Kg5 79. Kg3
Kh5 1/2-1/2

[Event "2. BUNDESLIGA MITTE 2014/2015"]
[Site "Fuerstenfeld"]
[Date "2015.04.17"]
[Round "9"]
[Board "6"]
[White "Knoll, Martin"]
[Black "Taggatz, Mario"]
[Result "1/2-1/2"]
[WhiteElo "2017"]
[BlackElo "2193"]
[PlyCount "61"]
[EventDate "2014.10.03"]
[EventType "team"]
[EventRounds "11"]
[EventCountry "AUT"]
[WhiteTeam "RbEJ Gleisdorf"]
[BlackTeam "Spg. Sauwald"]

1. d4 e6 2. Nc3 d5 3. e4 Nf6 4. Bg5 Be7 5. e5 Nfd7 6. Bxe7 Qxe7 7. f4 O-O 8.
Qd2 c5 9. Nb5 Nc6 10. Nf3 f6 11. c3 cxd4 12. cxd4 Nb6 13. Nd6 Rb8 14. Rc1 Bd7
15. Bb5 fxe5 16. fxe5 Nc8 17. Nxc8 Rbxc8 18. Bxc6 Bxc6 19. O-O h6 20. Rc5 b6
21. Rc3 Qd7 22. Rfc1 Bb7 23. Rxc8 Rxc8 24. Rc3 Qb5 25. Rxc8+ Bxc8 26. Qc3 Qc4
27. Nd2 Qxc3 28. bxc3 Kf7 29. Kf2 Ba6 30. Ke3 Bb5 31. a3 1/2-1/2

[Event "2. BUNDESLIGA MITTE 2014/2015"]
[Site "Fuerstenfeld"]
[Date "2015.04.17"]
[Round "9"]
[Board "1"]
[White "Gonda, Laszlo"]
[Black "Kovacs, Gabor"]
[Result "1/2-1/2"]
[WhiteElo "2548"]
[BlackElo "2482"]
[PlyCount "54"]
[EventDate "2014.10.03"]
[EventType "team"]
[EventRounds "11"]
[EventCountry "AUT"]
[WhiteTeam "ASK St. Valentin"]
[BlackTeam "Union Styria Graz"]

1. Nf3 d5 2. g3 e6 3. Bg2 Nf6 4. O-O Be7 5. c4 O-O 6. d4 dxc4 7. Qc2 a6 8. Qxc4
b5 9. Qc2 Bb7 10. Bd2 Be4 11. Qc1 Qc8 12. Bg5 Nbd7 13. Nbd2 Bd5 14. e4 Bb7 15.
Qc2 c5 16. Rac1 cxd4 17. Nxd4 Qxc2 18. Rxc2 Bc5 19. Bxf6 gxf6 20. N2b3 Bb6 21.
Nc6 Bxc6 22. Rxc6 Rab8 23. Rc2 Rfd8 24. Rfc1 Ne5 25. Bf1 Kg7 26. Be2 Rd6 27.
Kf1 Rdd8 1/2-1/2

[Event "2. BUNDESLIGA MITTE 2014/2015"]
[Site "Fuerstenfeld"]
[Date "2015.04.17"]
[Round "9"]
[Board "2"]
[White "Csonka, Attila"]
[Black "Flumbort, Andras"]
[Result "1/2-1/2"]
[WhiteElo "2331"]
[BlackElo "2462"]
[PlyCount "48"]
[EventDate "2014.10.03"]
[EventType "team"]
[EventRounds "11"]
[EventCountry "AUT"]
[WhiteTeam "Union Styria Graz"]
[BlackTeam "ASK St. Valentin"]

1. e4 c5 2. Nf3 e6 3. b3 b6 4. Bb2 Bb7 5. Qe2 Nc6 6. g3 d6 7. Bg2 Nf6 8. O-O
Be7 9. d4 cxd4 10. Nxd4 O-O 11. c4 a6 12. Rd1 Qc7 13. Nc3 Rac8 14. Rac1 Nxd4
15. Rxd4 Rfd8 16. Rcd1 Nd7 17. R4d2 Qb8 18. Qe3 Ba8 19. Qe2 Bb7 20. Qg4 Nf6 21.
Qe2 Nd7 22. Qg4 Nf6 23. Qe2 Nd7 24. Qg4 Nf6 1/2-1/2

[Event "2. BUNDESLIGA MITTE 2014/2015"]
[Site "Fuerstenfeld"]
[Date "2015.04.17"]
[Round "9"]
[Board "3"]
[White "Hajnal, Zoltan"]
[Black "Ruck, Tamas"]
[Result "1-0"]
[WhiteElo "2350"]
[BlackElo "2351"]
[PlyCount "41"]
[EventDate "2014.10.03"]
[EventType "team"]
[EventRounds "11"]
[EventCountry "AUT"]
[WhiteTeam "ASK St. Valentin"]
[BlackTeam "Union Styria Graz"]

1. e4 e5 2. Nf3 Nc6 3. Bc4 Bc5 4. c3 Bb6 5. d4 Qe7 6. Bg5 Nf6 7. d5 Nd8 8. d6
cxd6 9. Na3 Bxf2+ 10. Ke2 d5 11. Bxf6 Qxf6 12. Qxd5 Bb6 13. Raf1 d6 14. Nb5 O-O
15. Qxd6 Be6 16. Qxe5 Qg6 17. g3 Bc5 18. Nd6 Bh3 19. Ng5 Bxf1+ 20. Rxf1 h6 21.
Ngxf7 1-0

[Event "2. BUNDESLIGA MITTE 2014/2015"]
[Site "Fuerstenfeld"]
[Date "2015.04.17"]
[Round "9"]
[Board "4"]
[White "Wittmann, Walter"]
[Black "Sandhoefner, Florian"]
[Result "0-1"]
[WhiteElo "2170"]
[BlackElo "2336"]
[PlyCount "54"]
[EventDate "2014.10.03"]
[EventType "team"]
[EventRounds "11"]
[EventCountry "AUT"]
[WhiteTeam "Union Styria Graz"]
[BlackTeam "ASK St. Valentin"]

1. e4 c5 2. Nf3 d6 3. Nc3 Nf6 4. d4 cxd4 5. Nxd4 a6 6. a4 e6 7. Be2 Be7 8. O-O
Nc6 9. Kh1 O-O 10. f4 Qc7 11. Be3 Bd7 12. Qe1 Nxd4 13. Bxd4 Bc6 14. Qg3 g6 15.
Bf3 b5 16. axb5 axb5 17. Rxa8 Rxa8 18. e5 Nd7 19. exd6 Bxd6 20. Ne4 Bxf4 21.
Qf2 e5 22. Bc3 Ra4 23. Re1 f5 24. Nc5 Nxc5 25. Qxc5 e4 26. Bb4 Rxb4 27. Qxb4
exf3 0-1

[Event "2. BUNDESLIGA MITTE 2014/2015"]
[Site "Fuerstenfeld"]
[Date "2015.04.17"]
[Round "9"]
[Board "5"]
[White "Kranzl, Peter"]
[Black "Manhardt, Thomas"]
[Result "0-1"]
[WhiteElo "2215"]
[BlackElo "2246"]
[PlyCount "104"]
[EventDate "2014.10.03"]
[EventType "team"]
[EventRounds "11"]
[EventCountry "AUT"]
[WhiteTeam "ASK St. Valentin"]
[BlackTeam "Union Styria Graz"]

1. e4 c5 2. c3 d5 3. exd5 Qxd5 4. d4 cxd4 5. cxd4 Nc6 6. Nf3 e5 7. Nc3 Bb4 8.
Bd2 Bxc3 9. Bxc3 e4 10. Ne5 Nxe5 11. dxe5 Ne7 12. Qa4+ Bd7 13. Qa3 Qe6 14. Be2
O-O 15. O-O Bc6 16. Rad1 Ng6 17. Qc5 Nf4 18. Rfe1 Qg6 19. Bf1 e3 20. Rxe3 Bxg2
21. Rg3 Qh5 22. Re1 Bxf1 23. Kxf1 Qxh2 24. Qe3 Ng6 25. Qe4 b6 26. Ree3 Rad8 27.
Rg4 Rd1+ 28. Ke2 Qh1 29. Qxh1 Rxh1 30. Rd3 h5 31. Re4 h4 32. Rd7 Re8 33. f4 h3
34. Kf2 Nh4 35. e6 Rxe6 36. Rxe6 fxe6 37. Rxg7+ Kf8 38. Rh7 Ng6 39. Rxa7 Nxf4
40. Rh7 h2 41. Rh4 Ke7 42. Kg3 Nd5 43. Bh8 Ne3 44. Rh7+ Kd6 45. Bd4 Rd1 46.
Bxe3 h1=Q 47. Rxh1 Rxh1 48. Bxb6 Kd5 49. Ba5 e5 50. Bc3 Rf1 51. a4 e4 52. Kg2
Ra1 0-1

[Event "2. BUNDESLIGA MITTE 2014/2015"]
[Site "Fuerstenfeld"]
[Date "2015.04.17"]
[Round "9"]
[Board "6"]
[White "Stagl, Marco"]
[Black "Theuretzbacher, Klaus"]
[Result "0-1"]
[WhiteElo "2104"]
[BlackElo "2240"]
[PlyCount "194"]
[EventDate "2014.10.03"]
[EventType "team"]
[EventRounds "11"]
[EventCountry "AUT"]
[WhiteTeam "Union Styria Graz"]
[BlackTeam "ASK St. Valentin"]

1. d4 Nf6 2. c4 c5 3. Nf3 cxd4 4. Nxd4 e5 5. Nb5 d5 6. cxd5 Bc5 7. N1c3 a6 8.
Na3 O-O 9. Nc2 e4 10. Be3 Bd6 11. Bg5 Re8 12. g3 Nbd7 13. Bg2 h6 14. Bxf6 Nxf6
15. O-O Bf5 16. Ne3 Bg6 17. a4 Bc5 18. Qd2 Rb8 19. Ncd1 Re5 20. Qc3 Qe7 21. Rc1
Ba7 22. d6 Qe8 23. Qc7 Qxa4 24. Bh3 Ne8 25. Nc3 Qb4 26. Qc4 Qxd6 27. Rfd1 Qf8
28. Ncd5 Kh7 29. Qb3 f5 30. Nf4 Qf6 31. Nxg6 Qxg6 32. Bxf5 Rxf5 33. Nxf5 Qxf5
34. e3 Nf6 35. Rc7 Ng4 36. Rf7 Qh5 37. Rdd7 Qg6 38. Rxg7+ Qxg7 39. Rxg7+ Kxg7
40. Qe6 Nf6 41. Qe7+ Kg6 42. h4 h5 43. g4 hxg4 44. h5+ Kf5 45. h6 Rh8 46. Qxb7
Bb8 47. Qxa6 Be5 48. b4 g3 49. Qf1 gxf2+ 50. Qxf2+ Kg6 51. Qg2+ Kxh6 52. Qh3+
Kg7 53. Qe6 Re8 54. Qc6 Rb8 55. b5 Kf7 56. b6 Ke7 57. Kf1 Rd8 58. b7 Bb8 59.
Ke2 Be5 60. Qc5+ Bd6 61. Qc4 Bb8 62. Qb4+ Bd6 63. Qb5 Bb8 64. Qb6 Be5 65. Qc5+
Bd6 66. Qc8 Bb8 67. Kf1 Ne8 68. Qc5+ Nd6 69. Kg2 Rd7 70. Qg5+ Kf7 71. Qh5+ Ke6
72. Qg4+ Ke7 73. Qg5+ Kf7 74. Qh5+ Ke6 75. Qg6+ Ke7 76. Qg7+ Kd8 77. Qh8+ Kc7
78. Qc3+ Kxb7 79. Qb4+ Kc8 80. Qc3+ Rc7 81. Qh8+ Kb7 82. Qe5 Rf7 83. Qd5+ Kb6
84. Qb3+ Kc5 85. Qc3+ Kd5 86. Qb3+ Ke5 87. Qc3+ Kd5 88. Qb3+ Ke5 89. Qc3+ Kf5
90. Qc5+ Kg6 91. Qd5 Re7 92. Qc6 Kg5 93. Qd5+ Nf5 94. Qg8+ Rg7 95. Qd5 Kf6+ 96.
Kf2 Rg2+ 97. Ke1 Bg3+ 0-1

[Event "2. BUNDESLIGA MITTE 2014/2015"]
[Site "Fuerstenfeld"]
[Date "2015.04.17"]
[Round "9"]
[Board "1"]
[White "Burlacu, Bogdan"]
[Black "Krebs, Johann"]
[Result "0-1"]
[WhiteElo "2309"]
[BlackElo "2265"]
[PlyCount "76"]
[EventDate "2014.10.03"]
[EventType "team"]
[EventRounds "11"]
[EventCountry "AUT"]
[WhiteTeam "Union Hartkirchen - Sektion Schach"]
[BlackTeam "Strassenbahn Graz"]

1. e4 c5 2. Nf3 Nc6 3. Bb5 g6 4. O-O Bg7 5. Re1 Nf6 6. c3 O-O 7. d3 d6 8. Nbd2
Qc7 9. Nf1 a6 10. Ba4 b5 11. Bc2 b4 12. Ne3 Rb8 13. c4 e5 14. Ba4 Ne7 15. a3
bxa3 16. Rxa3 Nh5 17. Nd2 Nf4 18. Nb1 f5 19. Nc3 Kh8 20. f3 h5 21. exf5 gxf5
22. Nf1 Neg6 23. Ne2 Bh6 24. Nxf4 Bxf4 25. Ne3 Be6 26. g3 Bxe3+ 27. Rxe3 f4 28.
Re1 Rg8 29. Kf2 Rbf8 30. Qd2 Ne7 31. Qc3 Nf5 32. Bd1 Nd4 33. Rg1 fxg3+ 34. Rxg3
Rxg3 35. hxg3 Qb7 36. Qd2 Rxf3+ 37. Bxf3 Qxf3+ 38. Ke1 Qh1+ 0-1

[Event "2. BUNDESLIGA MITTE 2014/2015"]
[Site "Fuerstenfeld"]
[Date "2015.04.17"]
[Round "9"]
[Board "2"]
[White "Steiner, Stefan"]
[Black "Jurek, Josef"]
[Result "1-0"]
[WhiteElo "2269"]
[BlackElo "2308"]
[PlyCount "81"]
[EventDate "2014.10.03"]
[EventType "team"]
[EventRounds "11"]
[EventCountry "AUT"]
[WhiteTeam "Strassenbahn Graz"]
[BlackTeam "Union Hartkirchen - Sektion Schach"]

1. Nf3 c5 2. c4 Nf6 3. g3 b6 4. Bg2 Bb7 5. O-O g6 6. b3 Bg7 7. Bb2 O-O 8. Nc3
Na6 9. d3 d5 10. Nxd5 Nxd5 11. Bxg7 Kxg7 12. cxd5 Qxd5 13. Qc2 e5 14. Qb2 f6
15. Rfc1 Rac8 16. a3 Rf7 17. b4 Rfc7 18. b5 Nb8 19. a4 Rd8 20. a5 Qd6 21. axb6
axb6 22. Ra7 Qe7 23. Rca1 Nd7 24. Nd2 Nf8 25. Rxb7 Rxb7 26. Bxb7 Qxb7 27. Nc4
Nd7 28. Ra6 Qc7 29. Qa2 Kh6 30. Ra7 Qb8 31. Qa6 Nf8 32. Rb7 Qc8 33. Nd6 Rxd6
34. Rxh7+ Nxh7 35. Qxc8 e4 36. Qc7 Rd4 37. Qxb6 exd3 38. exd3 Rxd3 39. Qxc5 Ng5
40. Qf8+ Kh5 41. Qxf6 1-0

[Event "2. BUNDESLIGA MITTE 2014/2015"]
[Site "Fuerstenfeld"]
[Date "2015.04.17"]
[Round "9"]
[Board "3"]
[White "Konrad, Edmund"]
[Black "Detter, Peter"]
[Result "1-0"]
[WhiteElo "2187"]
[BlackElo "2040"]
[PlyCount "63"]
[EventDate "2014.10.03"]
[EventType "team"]
[EventRounds "11"]
[EventCountry "AUT"]
[WhiteTeam "Union Hartkirchen - Sektion Schach"]
[BlackTeam "Strassenbahn Graz"]

1. e4 Nf6 2. e5 Nd5 3. d4 d6 4. Bc4 Nb6 5. Bb3 g6 6. Qf3 e6 7. Qe2 Bg7 8. Nf3
dxe5 9. dxe5 h6 10. O-O Nc6 11. c3 O-O 12. h4 Qe7 13. Bc2 Nd7 14. Bf4 Rd8 15.
Rd1 Nf8 16. Nbd2 Bd7 17. Qe3 Kh7 18. Ne4 Be8 19. Rxd8 Rxd8 20. Nf6+ Bxf6 21.
exf6 Qxf6 22. Bxh6 Qe7 23. h5 Rd5 24. Bxf8 Qxf8 25. hxg6+ Kg7 26. gxf7 Bxf7 27.
Bb3 Rd6 28. Ng5 Qe7 29. Re1 Nd8 30. Qe5+ Qf6 31. Qxf6+ Kxf6 32. Ne4+ 1-0

[Event "2. BUNDESLIGA MITTE 2014/2015"]
[Site "Fuerstenfeld"]
[Date "2015.04.17"]
[Round "9"]
[Board "4"]
[White "Teuschler, Hugo"]
[Black "Windhager, Hannes"]
[Result "0-1"]
[WhiteElo "2043"]
[BlackElo "2187"]
[PlyCount "62"]
[EventDate "2014.10.03"]
[EventType "team"]
[EventRounds "11"]
[EventCountry "AUT"]
[WhiteTeam "Strassenbahn Graz"]
[BlackTeam "Union Hartkirchen - Sektion Schach"]

1. e4 c5 2. Nf3 Nc6 3. d4 cxd4 4. Nxd4 g6 5. Nc3 Bg7 6. Be3 Nf6 7. Nxc6 bxc6 8.
e5 Ng8 9. Bd4 Qc7 10. f4 Nh6 11. Bc4 Nf5 12. Bf2 h5 13. Qf3 Rb8 14. O-O O-O 15.
Rab1 d6 16. exd6 exd6 17. h3 h4 18. Bd3 d5 19. Bxf5 Bxf5 20. Bxh4 Bxc2 21. Rbc1
Rxb2 22. Rf2 Bd4 23. Kh1 Be4 24. Nxe4 dxe4 25. Qxe4 Bxf2 26. Bf6 Rd2 27. Be5
Qd7 28. Rxc6 Rd1+ 29. Kh2 Bg1+ 30. Kg3 Qd3+ 31. Qxd3 Rxd3+ 0-1

[Event "2. BUNDESLIGA MITTE 2014/2015"]
[Site "Fuerstenfeld"]
[Date "2015.04.17"]
[Round "9"]
[Board "5"]
[White "Mayerhofer, Peter"]
[Black "Teuschler, Alois"]
[Result "1-0"]
[WhiteElo "2190"]
[BlackElo "2041"]
[PlyCount "41"]
[EventDate "2014.10.03"]
[EventType "team"]
[EventRounds "11"]
[EventCountry "AUT"]
[WhiteTeam "Union Hartkirchen - Sektion Schach"]
[BlackTeam "Strassenbahn Graz"]

1. e4 c5 2. c3 Nc6 3. Nf3 e6 4. d4 cxd4 5. cxd4 Nf6 6. e5 Nd5 7. Nc3 Nc7 8. Bd3
d5 9. exd6 Qxd6 10. O-O Be7 11. Ne4 Qd8 12. Qe2 h6 13. Rd1 g5 14. Ne5 Bf6 15.
Qh5 Rf8 16. Qxh6 Bxe5 17. dxe5 Nxe5 18. Bb5+ Bd7 19. Nd6+ Ke7 20. Bxg5+ f6 21.
Qg7+ 1-0

[Event "2. BUNDESLIGA MITTE 2014/2015"]
[Site "Fuerstenfeld"]
[Date "2015.04.17"]
[Round "9"]
[Board "6"]
[White "Kainz, Josef"]
[Black "Kleibel, Uwe"]
[Result "0-1"]
[WhiteElo "1943"]
[BlackElo "2210"]
[PlyCount "73"]
[EventDate "2014.10.03"]
[EventType "team"]
[EventRounds "11"]
[EventCountry "AUT"]
[WhiteTeam "Strassenbahn Graz"]
[BlackTeam "Union Hartkirchen - Sektion Schach"]

1. d4 Nf6 2. c4 e6 3. g3 d5 4. Bg2 Bb4+ 5. Bd2 a5 6. Nc3 dxc4 7. Nf3 O-O 8. Qc2
Nc6 9. a3 Be7 10. Nb5 Nd5 11. Qxc4 Bf6 12. O-O Nce7 13. e4 c6 14. Nc3 Nb6 15.
Qc5 Ng6 16. Rad1 Nd7 17. Qh5 e5 18. dxe5 Ndxe5 19. Nxe5 Nxe5 20. h3 Qb6 21. Kh2
Qxb2 22. f4 Nc4 23. Na4 Qc2 24. e5 Be7 25. f5 Nxd2 26. Rf2 g6 27. Qg4 Bxf5 28.
Qf4 Qxd1 29. Rxd2 Qb3 30. g4 Be6 31. h4 Rad8 32. Rf2 Bxh4 33. Rf3 Qc4 34. Qh6
Qxg4 35. Nc3 Bg5 36. Bh3 Rd2+ 37. Kh1 0-1

[Event "2. BUNDESLIGA MITTE 2014/2015"]
[Site "Fuerstenfeld"]
[Date "2015.04.17"]
[Round "9"]
[Board "1"]
[White "Pilaj, Herwig"]
[Black "Huber, Martin Christian"]
[Result "1/2-1/2"]
[WhiteElo "2388"]
[BlackElo "2241"]
[PlyCount "189"]
[EventDate "2014.10.03"]
[EventType "team"]
[EventRounds "11"]
[EventCountry "AUT"]
[WhiteTeam "SC Die Klagenfurter"]
[BlackTeam "Schachfreunde Graz"]

1. c4 c5 2. g3 g6 3. Bg2 Bg7 4. e3 Nc6 5. Ne2 h5 6. h3 e5 7. Nbc3 d6 8. a3 a5
9. b3 Nge7 10. Bb2 Rb8 11. d3 Be6 12. Nd5 b5 13. Nec3 bxc4 14. dxc4 Bf5 15.
Nxe7 Nxe7 16. Nb5 d5 17. e4 Bxe4 18. Bxe4 dxe4 19. Nd6+ Kf8 20. Nxe4 Qb6 21.
O-O f5 22. Ng5 Bf6 23. Nf3 Rd8 24. Qe1 e4 25. Bxf6 Qxf6 26. Qxa5 Kg7 27. Nh2 h4
28. Rad1 Rxd1 29. Rxd1 hxg3 30. fxg3 Rxh3 31. Qc7 Qg5 32. Nf1 Kf7 33. Rd7 f4
34. Qxf4+ Qxf4 35. gxf4 Rxb3 36. Nd2 Rxa3 37. Nxe4 Ra4 38. Kf2 Rxc4 39. Ng5+
Ke8 40. Rc7 Nd5 41. Rc6 Nxf4 42. Kf3 Kd7 43. Ne4 Ne6 44. Ra6 Rd4 45. Nxc5+ Nxc5
46. Rxg6 Ne6 47. Ke3 Ra4 48. Rh6 Kd6 49. Kd3 Rd4+ 50. Ke3 Rd5 51. Rh2 Re5+ 52.
Kd3 Kd5 53. Rd2 Nf4+ 54. Kc3+ Kc5 55. Rc2 Re4 56. Kb3+ Kb5 57. Rc8 Re3+ 58. Rc3
Re2 59. Rg3 Ne6 60. Kc3 Nc5 61. Kd4 Ne6+ 62. Kd5 Nc7+ 63. Kd4 Kc6 64. Rg6+ Ne6+
65. Kd3 Re5 66. Rg4 Kd5 67. Rh4 Rg5 68. Ke3 Rg3+ 69. Kf2 Ra3 70. Ke2 Nd4+ 71.
Kf2 Nf5 72. Rb4 Ke5 73. Rb5+ Ke4 74. Rb4+ Nd4 75. Rb8 Ra2+ 76. Kg3 Nf5+ 77. Kh3
Kf3 78. Rf8 Kf4 79. Rf7 Ke4 80. Rf8 Ra1 81. Rf7 Rg1 82. Rf8 Rg5 83. Ra8 Nd4 84.
Ra4 Ke3 85. Ra3+ Kf2 86. Ra2+ Ne2 87. Kh4 Rg1 88. Kh5 Kf3 89. Ra3+ Ke4 90. Ra4+
Nd4 91. Kh6 Ke5 92. Ra5+ Kf6 93. Ra6+ Ne6 94. Kh5 Kf5 95. Ra5+ 1/2-1/2

[Event "2. BUNDESLIGA MITTE 2014/2015"]
[Site "Fuerstenfeld"]
[Date "2015.04.17"]
[Round "9"]
[Board "2"]
[White "Schnider, Gert"]
[Black "Petschar, Kurt"]
[Result "0-1"]
[WhiteElo "2338"]
[BlackElo "2271"]
[PlyCount "90"]
[EventDate "2014.10.03"]
[EventType "team"]
[EventRounds "11"]
[EventCountry "AUT"]
[WhiteTeam "Schachfreunde Graz"]
[BlackTeam "SC Die Klagenfurter"]

1. d4 d5 2. c4 c6 3. Nf3 Nf6 4. Nc3 dxc4 5. a4 Bf5 6. e3 e6 7. Bxc4 Bb4 8. O-O
O-O 9. Nh4 Nbd7 10. f3 Bg6 11. Nxg6 hxg6 12. e4 c5 13. Na2 Qa5 14. Qb3 Bd2 15.
e5 Bxc1 16. Rfxc1 Nh7 17. Qxb7 Rfd8 18. Bb5 Rab8 19. Qe4 a6 20. dxc5 axb5 21.
c6 Qb6+ 22. Kh1 Nc5 23. a5 Nxe4 24. axb6 Rxb6 25. fxe4 Ng5 26. Nb4 Nxe4 27. Ra7
Rc8 28. Kg1 f6 29. g3 fxe5 30. Re7 Nd2 31. Rd1 Nf3+ 32. Kg2 Nd4 33. c7 Rd6 34.
Nd3 Kf8 35. Nxe5 Kxe7 36. Rxd4 Rxd4 37. Nc6+ Kd7 38. Nxd4 Rxc7 39. Kf3 b4 40.
Ke4 Rc1 41. Kf4 Rd1 42. Nf3 Rf1 43. Ke4 Rf2 44. Ne5+ Kd6 45. h4 Re2+ 0-1

[Event "2. BUNDESLIGA MITTE 2014/2015"]
[Site "Fuerstenfeld"]
[Date "2015.04.17"]
[Round "9"]
[Board "3"]
[White "Genser, Harald"]
[Black "Kravanja, Georg"]
[Result "0-1"]
[WhiteElo "2277"]
[BlackElo "2221"]
[PlyCount "102"]
[EventDate "2014.10.03"]
[EventType "team"]
[EventRounds "11"]
[EventCountry "AUT"]
[WhiteTeam "SC Die Klagenfurter"]
[BlackTeam "Schachfreunde Graz"]

1. d4 Nf6 2. c4 g6 3. Nc3 d5 4. cxd5 Nxd5 5. e4 Nxc3 6. bxc3 Bg7 7. Be3 c5 8.
Qd2 Qa5 9. Rb1 a6 10. Rc1 cxd4 11. cxd4 Qxd2+ 12. Kxd2 O-O 13. Nf3 Rd8 14. Bd3
e6 15. Rc4 Bd7 16. Rhc1 Bc6 17. Ke2 Nd7 18. Nd2 a5 19. Rb1 f5 20. f3 Nf6 21. h3
Rd7 22. g4 fxe4 23. fxe4 Rad8 24. Rc5 Ne8 25. Bc4 Nc7 26. e5 Nd5 27. Bxd5 Rxd5
28. Nb3 a4 29. Rxd5 Bxd5 30. Nc5 b5 31. a3 Rf8 32. Kd2 Bc4 33. Rh1 Rf3 34. h4
Rg3 35. Rg1 Rh3 36. h5 gxh5 37. gxh5 Rxh5 38. Ne4 Rh2+ 39. Kc3 Rh3 40. Kd2 Rh2+
41. Kc3 Kf8 42. Nd6 Rh3 43. Kd2 h5 44. Rg2 h4 45. Rf2+ Kg8 46. Ne8 Rg3 47. Nf6+
Bxf6 48. exf6 Kf7 49. Rf4 h3 50. Rf2 Bd5 51. Ke2 Bg2 0-1

[Event "2. BUNDESLIGA MITTE 2014/2015"]
[Site "Fuerstenfeld"]
[Date "2015.04.17"]
[Round "9"]
[Board "5"]
[White "Singer, Hans"]
[Black "Kastner, Walter"]
[Result "1/2-1/2"]
[WhiteElo "2163"]
[BlackElo "2230"]
[PlyCount "66"]
[EventDate "2014.10.03"]
[EventType "team"]
[EventRounds "11"]
[EventCountry "AUT"]
[WhiteTeam "SC Die Klagenfurter"]
[BlackTeam "Schachfreunde Graz"]

1. Nf3 d5 2. d4 Nf6 3. c4 dxc4 4. e3 Bg4 5. Bxc4 e6 6. Nc3 Nbd7 7. h3 Bh5 8.
O-O Bb4 9. Be2 O-O 10. Qb3 c5 11. Rd1 Qa5 12. Bd2 cxd4 13. exd4 Nb6 14. a3 Bxc3
15. bxc3 Rac8 16. c4 Qa4 17. Qxa4 Nxa4 18. Rab1 Ne4 19. Rxb7 Nac3 20. Bxc3 Nxc3
21. Rd2 Nxe2+ 22. Rxe2 Bxf3 23. gxf3 Rxc4 24. d5 exd5 25. Rxa7 Rf4 26. Kg2 g6
27. Kg3 Rf5 28. Rd7 Ra8 29. Re3 Ra4 30. Rd3 Rg5+ 31. Kh2 Rf4 32. a4 Rxa4 33.
R7xd5 Rxd5 1/2-1/2

[Event "2. BUNDESLIGA MITTE 2014/2015"]
[Site "Fuerstenfeld"]
[Date "2015.04.17"]
[Round "9"]
[Board "6"]
[White "Brandstetter, Dieter"]
[Black "Jakits, Leopold"]
[Result "0-1"]
[WhiteElo "2054"]
[BlackElo "2134"]
[PlyCount "110"]
[EventDate "2014.10.03"]
[EventType "team"]
[EventRounds "11"]
[EventCountry "AUT"]
[WhiteTeam "Schachfreunde Graz"]
[BlackTeam "SC Die Klagenfurter"]

1. d4 Nf6 2. Bg5 e6 3. Nd2 c5 4. c3 b6 5. e3 cxd4 6. exd4 Be7 7. Bxf6 Bxf6 8.
Bd3 Ba6 9. Qf3 d5 10. Bxa6 Nxa6 11. Qd3 Nc7 12. Ne2 O-O 13. O-O Ne8 14. f4 Nd6
15. Rf3 Qd7 16. Ng3 g6 17. Ngf1 Qb5 18. Qxb5 Nxb5 19. Ne3 h5 20. Nc2 a5 21. a4
Nd6 22. Ne1 b5 23. axb5 Rfb8 24. Rf1 Rxb5 25. Nd3 Kg7 26. Ra4 Bd8 27. Rfa1 Rc8
28. R1a2 Rcb8 29. Kf1 Bc7 30. g3 h4 31. Kg1 hxg3 32. hxg3 Nf5 33. Kf2 Rh8 34.
Nf3 Rh3 35. b4 axb4 36. Rxb4 Rxb4 37. Nxb4 Rxg3 38. Nd3 Rg4 39. Ra7 Bxf4 40.
Nde5 Bg3+ 41. Kf1 Bxe5 42. Rxf7+ Kxf7 43. Nxe5+ Kf6 44. Nxg4+ Kg5 45. Ne5 Nd6
46. Ke2 Kf5 47. Nc6 g5 48. Ne7+ Kf4 49. Ng6+ Ke4 50. Nf8 Kf5 51. Nd7 Ne4 52.
Kd3 g4 53. c4 dxc4+ 54. Kxc4 g3 55. Ne5 g2 0-1

[Event "2. BUNDESLIGA MITTE 2014/2015"]
[Site "Fuerstenfeld"]
[Date "2015.04.17"]
[Round "9"]
[Board "1"]
[White "Felsberger, Alfred"]
[Black "Schachinger, Mario"]
[Result "1/2-1/2"]
[WhiteElo "2342"]
[BlackElo "2414"]
[PlyCount "86"]
[EventDate "2014.10.03"]
[EventType "team"]
[EventRounds "11"]
[EventCountry "AUT"]
[WhiteTeam "Union Ansfelden"]
[BlackTeam "SC MPOE Maria Saal II"]

1. e4 e5 2. Nf3 Nc6 3. Bc4 Bc5 4. O-O Nf6 5. d3 O-O 6. Nbd2 d6 7. c3 a6 8. Bb3
h6 9. Re1 Be6 10. Nf1 Bxb3 11. Qxb3 Re8 12. Be3 Nd7 13. Rad1 b5 14. d4 Bb6 15.
Ng3 Qf6 16. h3 Rab8 17. Qc2 Ne7 18. b3 Nf8 19. Qd2 Ne6 20. Kh2 g5 21. Nh5 Qg6
22. g4 exd4 23. cxd4 Ng7 24. Ng3 Qf6 25. Kg2 Ng6 26. d5 Bxe3 27. Rxe3 h5 28.
Nd4 Nf4+ 29. Kf1 hxg4 30. hxg4 Qh6 31. Qc3 Qh3+ 32. Ke1 Ng2+ 33. Kd2 Nxe3 34.
Qxe3 Qxg4 35. Rc1 Qf4 36. Rxc7 Rbc8 37. Ra7 Ra8 38. Rb7 Rab8 39. Ra7 Ra8 40.
Rb7 Rab8 41. Rc7 Rbc8 42. Rb7 Rb8 43. Rc7 Rbc8 1/2-1/2